| 000 | 00473nam a22001817a 4500 | ||
|---|---|---|---|
| 005 | 20260323114747.0 | ||
| 008 | 260323b |||||||| |||| 00| 0 eng d | ||
| 020 | _a978-1-259-25117-7 | ||
| 100 | _aROSH ADAM J. | ||
| 245 | _aPRE TEST EMERGENCY MEDICINE | ||
| 250 | _a4TH ED. | ||
| 260 |
_aNEW YORK _bMCGRAW HILL _c2016 |
||
| 300 | _aXIII,608P. | ||
| 500 | _aINCLUDES AN INDEX | ||
| 650 | _aEMERGENCY MEDICINE | ||
| 700 | _aCIARA BARCLAY-BUCHANAN | ||
| 942 |
_2lcc _cBK |
||
| 999 |
_c216853 _d216853 |
||